02488cam a2200385 i 450000100090000000300040000900500170001300800410003001000170007102000240008804000280011204200080014005000180014808200190016608400230018510000240020824501170023226400410034930000330039033600210042333700250044433800230046950000200049250500140051252010830052665000390160965000290164865000190167765000730169677601360176990600450190594200120195099900160196295201240197817847524OSt20220202143234.0130812s2014 njua 001 0 eng  a 2013030214 a9781118710487 (hbk) aDLCbengcDLCerdadDLC apcc00aHG4027.6.A93 00a658.15/224223 aBUS0740002bisacsh1 aAubrey, Sarah Beth.10aFind grant funding now! : the five-step prosperity process for entrepreneurs and business. /cSarah Beth Aubrey. 1aHoboken, New Jersey :bWiley,c2014. axxv, 226 p. :bill. ;c24 cm atext2rdacontent aunmediated2rdamedia avolume2rdacarrier aIncludes index. aContents: a"This book is built around the Five-Step Prosperity Process Aubrey uses for her clients every day. Other features will include sample forms, such as Letters of Intent, grant searching checklists, budgets, narrative formation, sample merit review, checklist for the top five feasibility points, 30 and 60 day grant project management plans, and very importantly, the customized Grant Readiness Assessment Tool. The book will have sidebars with quotes and resources and a custom illustrated schematic of the Five Step Prosperity Process that is highlighted in each chapter to show where at in the process as they progress through the book. It will also include snap tags in each chapter that link to videos and excerpts of additional content. There are books on grant writing and there are books on business, there are even books that tell you how to start a grant writing business. This book is about how and when you could use grants to get cash to start or expand your business. This is the book the small business financial market has been missing!"--cProvided by publisher. 0aNew business enterprisesxFinance. 0aSmall businessxFinance. 0aGrants-in-aid. 7aBUSINESS & ECONOMICS / Nonprofit Organizations & Charities.2bisacsh08iOnline version:aAubrey, Sarah Beth.tFind grant funding now!dHoboken, New Jersey : Wiley, [2014]z9781118710418w(DLC) 2013033009 a7bcbccorignewd1eecipf20gy-gencatlg 2lcccBK c8604d16104 00102lcc4070aWIUC-KLbWIUC-KLcGENd2019-10-18l0oHG4027.6.A93 pK/145/145/19r2022-02-02 00:00:00w2022-02-02yBK